| 000 | 01132nam a2200313 i 4500 | ||
|---|---|---|---|
| 001 | 000016051 | ||
| 003 | DO-SdBNP | ||
| 005 | 20250618135620.0 | ||
| 007 | ta | ||
| 008 | 100224s1970 dr 001 0 spa d | ||
| 040 |
_aDO-SdBNP _bspa _cBNPHU _erda |
||
| 082 | 4 |
_a347.7293013 _bR426L, 1970 _222 |
|
| 110 | 1 |
_aRepública Dominicana. _bProcuraduría General de la República _932241 |
|
| 240 | 1 | 0 | _a[Leyes, etc.] |
| 245 | 1 | 0 | _aLey de organización judicial |
| 264 | 1 |
_aSanto Domingo de Guzmán, D. N., República Dominicana : _bProcuraduría General de la República, _c1970. |
|
| 300 |
_a75 páginas ; _c21 cm. |
||
| 336 |
_atexto _btxt _2rdacontent |
||
| 337 |
_asin mediación _bnc _2rdamedia |
||
| 338 |
_avolumen _bnc _2rdacarrier |
||
| 500 | _aA la cabeza de la cubierta : Procuraduría General de la República | ||
| 590 | _aInventariado, 2022/MFF | ||
| 650 | 4 |
_aLegislacion judicial _930795 |
|
| 650 | 4 |
_aPoder judicial _xLegislación _930796 |
|
| 651 | 4 |
_aRepública Dominicana _xLeyes _916541 |
|
| 651 | 4 |
_aRepública Dominicana _xLey 821-27 _930797 |
|
| 910 | _aValidado. Control de calidad/ MAA | ||
| 942 |
_2ddc _cLBS1 |
||
| 999 |
_c52183 _d52183 |
||